Five Biggest Cities by Continent by Letter - J - Statistics

General Stats
  • This quiz has been taken 596 times
    72 since last reset
  • The average score is 10 of 26
Answer Stats
Population Country City % Correct
32,513,588 Indonesia Jakarta
100%
10,109,751 South Africa Johannesburg
100%
5,163,080 Saudi Arabia Jeddah
93%
1,512,450 Mexico Ciudad {Juárez}
85%
347,693 United States Jackson
82%
1,379,250 United States Jacksonville
82%
4,298,882 India Jaipur
78%
373,000 South Sudan Juba
77%
4,546,940 China Jinan
50%
299,621 Spain Jerez de la Frontera
45%
137,011 Germany Jena
42%
147,654 Sweden Jönköping
37%
1,057,019 Nigeria Jos
30%
1,256,176 Brazil João Pessoa
27%
398,478 Indonesia Jayapura
17%
143,513 Finland Jyväskylä
15%
716,620 Brazil Joinville
8%
2,817,770 China Jiaxing
5%
592,541 Brazil Juiz de Fora
5%
132,588 Poland Jelenia Góra
3%
389,160 Ethiopia Jimma
3%
525,999 Brazil Juazeiro do Norte
3%
145,880 Guatemala Jutiapa
3%
159,840 Guatemala Jalapa
2%
467,684 Uganda Jinja
2%
880,995 Brazil Jundiaí
2%
No matching quizzes found
Score Distribution
Percent of People with Each Score
Percentile by Number Answered
Your Score History
You have not taken this quiz since the last reset